header

ABC of ear, nose, and throat (Record no. 109759)

MARC details
000 -LEADER
fixed length control field 01355nam a2200361Ia 4500
082 04 - DEWEY DECIMAL CLASSIFICATION NUMBER
Classification number 617.5/1
245 00 - TITLE STATEMENT
Title ABC of ear, nose, and throat
250 ## - EDITION STATEMENT
Edition statement 6th ed.
260 ## - PUBLICATION, DISTRIBUTION, ETC. (IMPRINT)
Place of publication Chichester, West Sussex, UK :
Name of publisher Wiley-Blackwell,
Year of publication 2012.
300 ## - PHYSICAL DESCRIPTION
Number of Pages ix, 151 p. :
Other physical details ill. (chiefly col.).
490 1# - SERIES STATEMENT
Series statement ABC series
650 #0 - SUBJECT ADDED ENTRY--TOPICAL TERM
Topical Term Otolaryngology.
Topical Term Ear
700 1# - ADDED ENTRY--PERSONAL NAME
Personal name Ludman, Harold.
Personal name Bradley, Patrick J.,
856 40 - ELECTRONIC LOCATION AND ACCESS
Uniform Resource Identifier http://site.ebrary.com/lib/rucke/Doc?id=10598755

No items available.

© 2026 Rongo University
Contact us: librarian | system librarian | Rongo university